Normal view
MARC view
- Mohammad Iqbal
Entry Personal Name
001 - CONTROL NUMBER
- control field: 47914
003 - CONTROL NUMBER IDENTIFIER
- control field: NUST
005 - DATE AND TIME OF LATEST TRANSACTION
- control field: 20210314133928.0
008 - FIXED-LENGTH DATA ELEMENTS
- fixed length control field: 210314|| aca||aabn | a|a d
040 ## - CATALOGING SOURCE
- Original cataloging agency: NUST
- Transcribing agency: NUST
100 ## - HEADING--PERSONAL NAME
- Personal name: Mohammad Iqbal
670 ## - SOURCE DATA FOUND
- Source citation: Work cat.: (NUST): CJUO Kamran Azam Syn no-1 47913, Computer Aided Program for the Design of Counterfort Retaining Wall, 20 May 2002
